| 000 | 01208nam0a2200301 4500 | ||
|---|---|---|---|
| 001 | RU\NLR\BIBL_A\012076620 | ||
| 005 | 20250623203335.0 | ||
| 010 |
_a978-5-907066-32-8 _9300 |
||
| 021 |
_aRU _b2019-47600 _9КН-П-3467 |
||
| 035 | _a(RuMoRGB)010025105 | ||
| 035 | _a(NLR Aleph) 012076620 | ||
| 090 |
_a11782462 _c11782462 |
||
| 100 | _a20190816d2019 |||y0rusy50 ca | ||
| 101 | 0 | _aeng | |
| 102 | _aRU | ||
| 105 | _aa j 000zy | ||
| 200 | 1 |
_aFundamental problems of philosophy _etutorial _fO. B. Mamaeva _gMinistry of science and higher education, Mari state university, Department of philosophy and sociology |
|
| 210 |
_aYoshkar-Ola _cФГБОУ ВО "Марийский государственный университет" _d2019 |
||
| 215 |
_a137 с. _cил. _d20 |
||
| 320 | _aБиблиогр.: с. 126 | ||
| 541 | 1 | _aФундаментальные проблемы философии. | |
| 606 | 1 |
_aФилософия _jУчебные издания для высших учебных заведений _9900139 _3RU\NLR\AUTH\666996 |
|
| 686 | 1 | _aЮ0я73 | |
| 700 | 1 |
_aMamaeva _bO.B. _gOl'ga Borisovna |
|
| 942 | _cBOOK | ||
| 980 | _aNB | ||